Leaving the shallows / (Record no. 883)
[ view plain ]
| 000 -LEADER | |
|---|---|
| fixed length control field | 02129cam a22003253a 4500 |
| 005 - DATE AND TIME OF LATEST TRANSACTION | |
| control field | 20230828111857.0 |
| 020 ## - INTERNATIONAL STANDARD BOOK NUMBER | |
| International Standard Book Number | 078073004997 |
| 040 ## - CATALOGING SOURCE | |
| Original cataloging agency | WDG |
| Transcribing agency | WDG |
| Modifying agency | OCLCQ |
| -- | DLC |
| Language of cataloging | eng |
| 050 00 - LIBRARY OF CONGRESS CALL NUMBER | |
| Classification number | PZ7 |
| 082 ## - DEWEY DECIMAL CLASSIFICATION NUMBER | |
| Classification number | Fic |
| 100 1# - MAIN ENTRY--PERSONAL NAME | |
| Personal name | Baglio, Ben M. |
| 245 10 - TITLE STATEMENT | |
| Title | Leaving the shallows / |
| Statement of responsibility, etc. | Ben M. Baglio ; illustrations by Judith Lawton. |
| 260 ## - PUBLICATION, DISTRIBUTION, ETC. | |
| Place of publication, distribution, etc. | New York : |
| Name of publisher, distributor, etc. | Scholastic Inc., |
| Date of publication, distribution, etc. | 2003, 2002. |
| 300 ## - PHYSICAL DESCRIPTION | |
| Extent | 157 pages : |
| Other physical details | illustrations ; |
| Dimensions | 20 cm |
| 490 0# - SERIES STATEMENT | |
| Series statement | Dolphin diaries ; |
| 500 ## - GENERAL NOTE | |
| General note | "An Apple paperback." |
| 505 ## - FORMATTED CONTENTS NOTE | |
| Formatted contents note | R <br/> |
| 520 ## - SUMMARY, ETC. | |
| Summary, etc. | he McGrath's have sailed on from the Marquesas - where we last heard from Jody - and their next port of call is Hervey Bay on the coast of Queensland Jody and her family are all looking forward to seeing land again, and to spotting some of the many types of dolphin who swim in the waters off the bay. Jody's twin brothers are excited about the other marine life too: dugongs, rays, turtles and seabirds - Hervey Bay has something for everyone Based at a place called Ocean Point. Jody's parents are thrilled to see the dolphin sanctuary there - where the dolphins come and go as they want. Jody forms a special friendship with an Indo-Pacific dolphin called Mercury. But out on a coastal walk, she spots another tourist operation 'Golden Sands' - billed to be like Ocean Point, but clearly not meeting the same rigid safety regulations. There's litter everywhere, and tourists are encouraged to wade through water to feed the dolphins - which Jody knows only too well leads to disease, and sometimes death among the poor creatures Only when Mercury contracts pneumonia do the authorities take any notice, though, and only with Jody's help, do they put Golden Sands out of business, for good... |
| 521 ## - TARGET AUDIENCE NOTE | |
| Target audience note | 720 <br/> |
| Source | Lexile <br/> |
| 521 ## - TARGET AUDIENCE NOTE | |
| Target audience note | R <br/><br/> |
| Source | Raz-Plus <br/> |
| 650 #0 - SUBJECT ADDED ENTRY--TOPICAL TERM | |
| Topical term or geographic name entry element | Dolphins |
| Form subdivision | Fiction. |
| 650 #0 - SUBJECT ADDED ENTRY--TOPICAL TERM | |
| Topical term or geographic name entry element | Ecology |
| Form subdivision | Fiction. |
| 655 #7 - INDEX TERM--GENRE/FORM | |
| Genre/form data or focus term | Children's stories. |
| Source of term | lcsh |
| 655 #7 - INDEX TERM--GENRE/FORM | |
| Genre/form data or focus term | Nature stories. |
| Source of term | lcsh |
| 700 1# - ADDED ENTRY--PERSONAL NAME | |
| Personal name | Lawton, Judith. |
| 906 ## - LOCAL DATA ELEMENT F, LDF (RLIN) | |
| a | 7 |
| b | cbc |
| c | copycat |
| d | 2 |
| e | ncip |
| f | 20 |
| g | y-genrareb |
| 942 ## - ADDED ENTRY ELEMENTS (KOHA) | |
| Source of classification or shelving scheme | Dewey Decimal Classification |
| Koha item type | Books |
| Suppress in OPAC | No |
| 999 ## - | |
| -- | 883 |
| -- | 883 |
| Withdrawn status | Lost status | Source of classification or shelving scheme | Damaged status | Not for loan | Collection | Home library | Current library | Shelving location | Date acquired | Total Checkouts | Full call number | Barcode | Date last seen | Date last checked out | Price effective from | Koha item type |
|---|---|---|---|---|---|---|---|---|---|---|---|---|---|---|---|---|
| Dewey Decimal Classification | Juvenile Fiction | Footprints International School Library Network Toul Kork Campus | Footprints International School Library Network Toul Kork Campus | 07/13/2023 | 1 | BAG Fic PZ7 | FIS00513 | 04/08/2025 | 01/12/2024 | 07/13/2023 | Books |
